<?xml version="1.0" encoding="UTF-8"?>
<record
    xmlns:xsi="http://www.w3.org/2001/XMLSchema-instance"
    xsi:schemaLocation="http://www.loc.gov/MARC21/slim http://www.loc.gov/standards/marcxml/schema/MARC21slim.xsd"
    xmlns="http://www.loc.gov/MARC21/slim">

  <leader>01494nam a22002657a 4500</leader>
  <controlfield tag="003">DO-SdBNP</controlfield>
  <controlfield tag="005">20240301073829.0</controlfield>
  <controlfield tag="007">ta</controlfield>
  <controlfield tag="008">211126b2019    dr ||||| |||| 00| p spa d</controlfield>
  <datafield tag="020" ind1=" " ind2=" ">
    <subfield code="a">9789945614381</subfield>
  </datafield>
  <datafield tag="040" ind1=" " ind2=" ">
    <subfield code="a">DO-SdBNP </subfield>
    <subfield code="b">spa</subfield>
    <subfield code="c">BNPHU </subfield>
  </datafield>
  <datafield tag="082" ind1=" " ind2="4">
    <subfield code="a">RD861.44</subfield>
    <subfield code="b">D725p</subfield>
    <subfield code="2">22</subfield>
  </datafield>
  <datafield tag="100" ind1="1" ind2=" ">
    <subfield code="a">Dotel Matos, H&#xE9;ctor</subfield>
    <subfield code="9">1202</subfield>
  </datafield>
  <datafield tag="245" ind1="1" ind2="0">
    <subfield code="a">Poes&#xED;a reunida /</subfield>
    <subfield code="c">H&#xE9;ctor Bienvenido Dotel Matos ; pr&#xF3;logos Tony Raful.</subfield>
  </datafield>
  <datafield tag="260" ind1=" " ind2=" ">
    <subfield code="a">Santo Domingo : </subfield>
    <subfield code="b">Santuario, </subfield>
    <subfield code="c">2019.</subfield>
  </datafield>
  <datafield tag="300" ind1=" " ind2=" ">
    <subfield code="a">66 p. ; </subfield>
    <subfield code="c">23 cm. </subfield>
  </datafield>
  <datafield tag="500" ind1=" " ind2=" ">
    <subfield code="a">Incluye datos biogr&#xE1;ficos del autor en las solapas.</subfield>
  </datafield>
  <datafield tag="505" ind1="0" ind2=" ">
    <subfield code="a">Octavillas para preludiar los cantos de Dotel / Tony Raful -- H&#xE9;ctor Dotel reune su poes&#xED;a -- Los huerfanos de Dios -- Vetustas cenizas -- Luz misteriosa -- Vientos y presagios -- Se fueron sin mitigar -- Silencio -- Pa&#xED;s sin parentesis -- Solo con la vida -- Frustraci&#xF3;n -- C&#xFA;mulo de lejan&#xED;a -- L&#xE1;grimas para entonces -- Fraterno a Jacques -- Golpe a media asta -- Palabra sin color -- Rara vocaci&#xF3;n -- Se&#xF1;al -- Invierno -- Imprecaciones -- Recogiendo cenizas -- Canto posterior -- Tuvo que ser -- Ensue&#xF1;os y palabras --Toques entrecortados -- Recuerdos y l&#xE1;grimas -- Tambi&#xE9;n congojas -- Intimidades silenciosas -- Luz apagada -- Patria de Febrero.</subfield>
  </datafield>
  <datafield tag="590" ind1=" " ind2=" ">
    <subfield code="a">Inventariado, 2021 /LP

</subfield>
  </datafield>
  <datafield tag="650" ind1=" " ind2="4">
    <subfield code="a">Poes&#xED;a dominicana</subfield>
  </datafield>
  <datafield tag="650" ind1=" " ind2="4">
    <subfield code="a">Literatura dominicana</subfield>
  </datafield>
  <datafield tag="700" ind1="1" ind2=" ">
    <subfield code="a">Raful, Tony,</subfield>
    <subfield code="d">1951-</subfield>
    <subfield code="e">pr&#xF3;l.</subfield>
    <subfield code="9">1377</subfield>
  </datafield>
  <datafield tag="910" ind1=" " ind2=" ">
    <subfield code="a">Lop&#xE9;rez./Validado. Control de calidad MFF</subfield>
  </datafield>
  <datafield tag="942" ind1=" " ind2=" ">
    <subfield code="2">ddc</subfield>
    <subfield code="c">LBS1</subfield>
  </datafield>
  <datafield tag="952" ind1=" " ind2=" ">
    <subfield code="0">0</subfield>
    <subfield code="1">0</subfield>
    <subfield code="2">ddc</subfield>
    <subfield code="5">1</subfield>
    <subfield code="7">0</subfield>
    <subfield code="8">PD</subfield>
    <subfield code="a">BNPHU</subfield>
    <subfield code="b">BNPHU</subfield>
    <subfield code="c">HD</subfield>
    <subfield code="d">2021-11-26</subfield>
    <subfield code="e">Dep&#xF3;sito Legal </subfield>
    <subfield code="o">BNPHU PD RD861.44 D725p</subfield>
    <subfield code="p">2021-28369</subfield>
    <subfield code="r">2021-11-26</subfield>
    <subfield code="w">2021-11-26</subfield>
    <subfield code="y">LBS1</subfield>
  </datafield>
  <datafield tag="952" ind1=" " ind2=" ">
    <subfield code="0">0</subfield>
    <subfield code="1">0</subfield>
    <subfield code="2">ddc</subfield>
    <subfield code="5">1</subfield>
    <subfield code="7">0</subfield>
    <subfield code="8">PD</subfield>
    <subfield code="a">BNPHU</subfield>
    <subfield code="b">BNPHU</subfield>
    <subfield code="c">HD</subfield>
    <subfield code="d">2021-11-26</subfield>
    <subfield code="e">Dep&#xF3;sito Legal </subfield>
    <subfield code="o">BNPHU PD RD861.44 D725p</subfield>
    <subfield code="p">2021-28370</subfield>
    <subfield code="r">2021-11-26</subfield>
    <subfield code="t">e.2</subfield>
    <subfield code="w">2021-11-26</subfield>
    <subfield code="y">LBS1</subfield>
  </datafield>
  <datafield tag="952" ind1=" " ind2=" ">
    <subfield code="0">0</subfield>
    <subfield code="1">0</subfield>
    <subfield code="2">ddc</subfield>
    <subfield code="5">6</subfield>
    <subfield code="7">0</subfield>
    <subfield code="8">DS</subfield>
    <subfield code="a">BNPHU</subfield>
    <subfield code="b">BNPHU</subfield>
    <subfield code="c">HD</subfield>
    <subfield code="d">2021-11-26</subfield>
    <subfield code="e">Dep&#xF3;sito Legal </subfield>
    <subfield code="o">BNPHU DS RD861.44 D725p</subfield>
    <subfield code="p">2021-28371</subfield>
    <subfield code="r">2021-11-26</subfield>
    <subfield code="t">e.3</subfield>
    <subfield code="w">2021-11-26</subfield>
    <subfield code="y">LBS1</subfield>
  </datafield>
  <datafield tag="999" ind1=" " ind2=" ">
    <subfield code="c">51052</subfield>
    <subfield code="d">51052</subfield>
  </datafield>
</record>
